| 000 | 00398nam a22001457a 4500 | ||
|---|---|---|---|
| 003 | OSt | ||
| 005 | 20251030060133.0 | ||
| 008 | 251030b |||||||| |||| 00| 0 eng d | ||
| 020 | _a9781594483677 | ||
| 040 | _cPENGUIN GROUP | ||
| 050 | _aPS 3607 .G65 2009 | ||
| 245 |
_aLADIES AND GENTLEMEN, THE BIBLE _bSTORIES _cGOLDSTEIN, JONATHAN |
||
| 260 |
_aNEW YORK _bRIVERHEAD BOOKS _c2009 |
||
| 942 |
_2lcc _cBK _n0 |
||
| 999 |
_c9733 _d9733 |
||